000 00345nam a22001457a 4500
003 OSt
005 20160727222400.0
008 160623b xxu||||| |||| 00| 0 eng d
040 _cTEST
100 _9654
_aBerrisford, J, M
245 _aJackie's Pony Patrol
260 _aLONDON
_bARMANDA
_c1961
300 _aJackie's Pony Patrol
942 _2ddc
_cBK
999 _c533
_d533